Zvon lumpov ; Bratislavské povesti /

Enregistré dans:
Détails bibliographiques
Auteur principal: MORIC, Rudo (Auteur)
Format: Livre
Langue:slovaque
Publié: Bratislava Tatran 1979
Édition:1. vydanie
Collection:Korene 1. zväzok
Tags: Ajouter un tag
Pas de tags, Soyez le premier à ajouter un tag!

MARC

LEADER 00000nam a22000003a 4500
001 0102718
003 SK-STU
005 20230619102548.9
007 ta
008 230619s ----xo-----e------000-0-----d
040 |a STU  |b slo 
041 0 |a slo 
044 |a xo 
100 1 |a MORIC, Rudo  |4 aut 
245 1 0 |a Zvon lumpov ;  |b Bratislavské povesti /  |c aut. Rudo MORIC 
250 |a 1. vydanie 
260 |a Bratislava  |b Tatran  |c 1979 
300 |a 212 s. 
490 0 |a Korene  |v 1. zväzok 
996 |c I* 4SOA13943  |l I  |s A  |a 24  |w 0102718_0001